Obras completas / (Record no. 179807)
[ view plain ]
| 000 -LEADER | |
|---|---|
| campo de control de longitud fija | 01534nam a2200253 i 4500 |
| 001 - NÚMERO DE CONTROL | |
| campo de control | 179807 |
| 003 - IDENTIFICADOR DE NÚMERO DE CONTROL | |
| campo de control | ES-MaACL |
| 005 - FECHA Y HORA DE LA ÚLTIMA TRANSACCIÓN | |
| campo de control | 20250916063058.0 |
| 008 - DATOS DE LONGITUD FIJA--INFORMACIÓN GENERAL | |
| campo de control de longitud fija | 120125m19961997sp | |||| ||spa d |
| 020 ## - NÚMERO INTERNACIONAL ESTÁNDAR DEL LIBRO | |
| Número Internacional Estándar del Libro | 84-7506-457-4 (V. 1) |
| 020 ## - NÚMERO INTERNACIONAL ESTÁNDAR DEL LIBRO | |
| Número Internacional Estándar del Libro | 84-7506-458-2 (V. 2) |
| 020 ## - NÚMERO INTERNACIONAL ESTÁNDAR DEL LIBRO | |
| Número Internacional Estándar del Libro | 84-89794-06-5 (V. 3) |
| 080 ## - NÚMERO DE LA CLASIFICACIÓN DECIMAL UNIVERSAL | |
| Número de la Clasificación Decimal Universal | 821.134.2-82"17" |
| 100 1# - ENTRADA PRINCIPAL--NOMBRE DE PERSONA | |
| Nombre de persona | Meléndez Valdés, Juan, |
| Fechas asociadas al nombre | 1754-1817 |
| 9 (RLIN) | 79929 |
| 245 10 - MENCIÓN DEL TÍTULO | |
| Título | Obras completas / |
| Mención de responsabilidad, etc. | Juan Meléndez Valdés ; [edición y prólogo de Emilio Palacios Fernández]. |
| 260 ## - PUBLICACIÓN, DISTRIBUCIÓN, ETC. | |
| Lugar de publicación, distribución, etc. | [Madrid] : |
| Nombre del editor, distribuidor, etc. | Fundación José Antonio Castro, |
| Fecha de publicación, distribución, etc. | [1996-1997] |
| 300 ## - DESCRIPCIÓN FÍSICA | |
| Extensión | 3 v. ; |
| Dimensiones | 23 cm. |
| 490 1# - MENCIÓN DE SERIE | |
| Mención de serie | Biblioteca Castro |
| 505 8# - NOTA DE CONTENIDO CON FORMATO | |
| Nota de contenido con formato | Contiene: V. 1 Poesías (Odas anacreónticas. La inconstancia. Odas a Lisi. La paloma Filis. Galatea o la ilusión del canto. Letrillas. Idilio. Romances. Doña Elvira. Sonetos. -- V. 2. Poesías (Elegías. Silvas. Eglogas. Odas. Epístolas. Odas filosóficas y sagradas. Poesía épica. Elegías morales. Discursos. Apéndices. -- V. 3. Teatro (Las bodas de Camacho el rico. Fragmento del drama doña María la Brava. Argumento de un drama) ; Prosa (Discursos forenses. Epistolario. Expediente relativo a la reunión de los hospitales de Avila. Cartas turcas. Prólogos de obras poéticas y otros textos sobre poesía. Discurso de ingreso en la Real Academia de la Lengua (1810). Oficios y documentos varios |
| 700 0# - ENTRADA AGREGADA--NOMBRE PERSONAL | |
| Nombre de persona | Palacios Fernández, Emilio. |
| 9 (RLIN) | 88430 |
| 830 0# - PUNTO DE ACCESO ADICIONAL DE SERIE-TÍTULO UNIFORME | |
| Título uniforme | Biblioteca Castro |
| 9 (RLIN) | 178957 |
| 852 ## - LOCALIZACIÓN | |
| Ubicación | ES-MaACL |
| Número de control de estantería | L-29786-88 |
| Estatus retirado | Estado de pérdida | Estado de daño | No para préstamo | Biblioteca de origen | Biblioteca actual | Ubicación en estantería | Fecha de adquisición | Fuente de adquisición | Total de préstamos | Signatura topográfica completa | Código de barras | Visto por última vez | Precio de reemplazo | Tipo de ítem Koha |
|---|---|---|---|---|---|---|---|---|---|---|---|---|---|---|
| Biblioteca del Ateneo de Madrid | Biblioteca del Ateneo de Madrid | Depósito 2 | 25/01/2012 | L-29786-89 | 1188897 | 23/02/2023 | 23/02/2023 | Libro impreso |
